មាលាដួងចិត្ត / (Record no. 1712)

MARC details
000 -LEADER
fixed length control field 01583nam a22002777a 4500
001 - CONTROL NUMBER
control field 1712
003 - CONTROL NUMBER IDENTIFIER
control field FISKH
005 - DATE AND TIME OF LATEST TRANSACTION
control field 20230919150546.0
008 - FIXED-LENGTH DATA ELEMENTS--GENERAL INFORMATION
fixed length control field 230919b cb ||||| |||| 00| 0 khr d
020 ## - INTERNATIONAL STANDARD BOOK NUMBER
International Standard Book Number 9789924340447
040 ## - CATALOGING SOURCE
Original cataloging agency FISKH
Language of cataloging eng
Transcribing agency FISKH
Modifying agency FISKH
082 ## - DEWEY DECIMAL CLASSIFICATION NUMBER
Classification number 306.7
100 ## - MAIN ENTRY--PERSONAL NAME
Personal name Harch, Nou
245 ## - TITLE STATEMENT
Title មាលាដួងចិត្ត /
250 ## - EDITION STATEMENT
Edition statement បោះពុម្ពលើកទី ២ មិថុនា ឆ្នាំ ២០២២
260 ## - PUBLICATION, DISTRIBUTION, ETC.
Place of publication, distribution, etc. Phnom Penh :
Name of publisher, distributor, etc. Sipar,
Date of publication, distribution, etc. 2022.
300 ## - PHYSICAL DESCRIPTION
Extent 169 pages :
Dimensions 20 cm
505 ## - FORMATTED CONTENTS NOTE
Formatted contents note Z'<br/>
520 ## - SUMMARY, ETC.
Summary, etc. រឿងមាលាដួងចិត្ត ជាប្រលោមលោកដែលនិពន្ធឡើងក្នុងឆ្នាំ ១៩៣៩ ក្នុងកំឡុងសង្គ្រាមលោកលើកទី២ ដែលបានកើតឡើងនៅខេត្តបាត់ដំបង។ វាបង្ហាញពីភាពសម្បូរបែបនៃយុវជន គំនិត និងប្រាជ្ញារបស់យុវជនពីឆ្នាំ 1939-1946 ។
520 ## - SUMMARY, ETC.
Summary, etc. Mealea Duong Jet is a novel written in 1939 during the beginning of World War 2 which happened in Battambong province. It shows the richness of youth, concept and wisdom of youth from 1939-1946.
521 8# - TARGET AUDIENCE NOTE
Target audience note 1120<br/>
Source Lexile estimate<br/>
521 8# - TARGET AUDIENCE NOTE
Target audience note Z'<br/>
Source Raz-Plus<br/>
650 ## - SUBJECT ADDED ENTRY--TOPICAL TERM
Topical term or geographic name entry element ស្នេហា
Form subdivision ប្រលោមលោក
General subdivision សម្បូរបែប
Chronological subdivision គំនិត
650 ## - SUBJECT ADDED ENTRY--TOPICAL TERM
Topical term or geographic name entry element Love
Form subdivision Novel
General subdivision Richness
Chronological subdivision Concept
942 ## - ADDED ENTRY ELEMENTS (KOHA)
Source of classification or shelving scheme Dewey Decimal Classification
Koha item type Khmer Books
Suppress in OPAC No
Holdings
Withdrawn status Lost status Source of classification or shelving scheme Damaged status Not for loan Collection Home library Current library Shelving location Date acquired Total Checkouts Full call number Barcode Date due Date last seen Date last checked out Copy number Price effective from Koha item type
    Dewey Decimal Classification     Khmer Language Books / សៀវភៅភាសាខ្មែរ Footprints International School Library Network Toul Kork Campus Footprints International School Library Network Toul Kork Campus TK Campus, Room B402, Khmer Book Case 16, Shelves 112-123 / ទូរសៀវភៅខ្មែរលេខ ១៦​ ធ្នើរ ១១២ ដល់ ១២៣ បន្ទប់ B402 សាខាទួលគោក 09/19/2023 1 HAR 306.7 2023-0654   02/02/2026 01/05/2026 2 09/19/2023 Khmer Books
    Dewey Decimal Classification     Khmer Language Books / សៀវភៅភាសាខ្មែរ Footprints International School Library Network Toul Tom Poung Campus Footprints International School Library Network Toul Tom Poung Campus TTP Secondary Khmer Bookshelves 09/19/2023 2 HAR 306.7 2023-0653 05/14/2026 04/30/2026 04/30/2026 1 09/19/2023 Khmer Books